000 00560nam a2200181Ia 4500
008 090201s9999 xx 000 0 und d
010 _aKPL-73964
040 _bमराठी
041 _aमराठी
082 _a54459
_b73964
100 _aशिरीष कणेकर
245 _aमेतकूट (रामबाग)
_cशिरीष कणेकर
250 _a1
260 _c2007
_bदिलीप प्रकाशन
300 _a260
_bमध्यम
600 _aमेतकूट (रामबाग)
942 _cBOOK
999 _c250799
_d250799